000
002450000a22000970004500
100
1
_a
Williams, Harry W.
245
1
0
_a
My pilgrimage in mission
300
_a
Vol. 25, Núm 2 (2001), Páginas 80-84
773
0
_t
International Bulletin
942
_c
ANA
999
_c
57257
_d
57257